Abraham's Valley = Valle Abraao /

El décimo cuarto largometraje dirigido por el prolífico y longevo cineasta Manoel de Oliveira (1908-2015) está basado en una novela homónima (1991) de Agustina Bessa-Luís y supone una remodelación de la figura arquetípica de Madame Bovary (1857), la célebre narración del francés Gustave Flaubert (18...

Celý popis

Uloženo v:
Podrobná bibliografie
Hlavní autor: Oliveira, Manoel de (realización)
Další autoři: Oliveira, Manoel de (guión) (guión), Barroso, Mário (fotógrafo) (fotógrafo), Branco, Isabel (vestuario) (vestuario), Oliveira, Manoel de (montaje) (montaje), Loiseleux, Valérie (montaje) (montaje), Silveira, Leonor (actuación) (actuación), Alba, Cecile Sanz de (actuación) (actuación), Cintra, Luís Miguel (actuación) (actuación)
Médium: Video
Jazyk:portugalština
Vydáno: Alcochete, Portugal : París, Francia : Ginebra, Suiza : Madragoa Filmes ; Gémini Films ; Light Night, 1993, c1993
Edice:(Vanguard International)
Témata:
Tagy: Přidat tag
Žádné tagy, Buďte první, kdo vytvoří štítek k tomuto záznamu!

MARC

LEADER 00000ngm^a2200000^a^4500
001 000163061
005 20250521000000.0
009 20260310100854.22
037 |a Acervo ITESO - Biblioteca 
041 |a POR 
082 |a 869.  |b OLI 
100 |a Oliveira, Manoel de  |e (realización) 
240 1 4 |a [El valle de Abraham] 
245 1 0 |a Abraham's Valley =  |b Valle Abraao /  |c Realización de M. de Oliveira. 
246 2 |a Título en México: El valle de Abraham 
264 4 |a Alcochete, Portugal :  |b Madragoa Filmes ;  |a París, Francia :  |b Gémini Films ;  |a Ginebra, Suiza :  |b Light Night,  |c 1993, c1993 
264 2 |a Los Angeles, EUA :  |b Vanguard Cinema [distribución],  |c 2002, c2002 
300 |a 1 DVD sin dato de región (187 min.) :  |b color 
336 |a imagen móvil bidimensional  |b tdi  |2 rdacontenido 
337 |a video  |b v  |2 rdamedio 
338 |a videodisco  |b vd  |2 rdasoporte 
440 1 |a (Vanguard International) 
500 |a Basado en: Valle Abraao, de Agustina Bessa-Luís 
520 |a El décimo cuarto largometraje dirigido por el prolífico y longevo cineasta Manoel de Oliveira (1908-2015) está basado en una novela homónima (1991) de Agustina Bessa-Luís y supone una remodelación de la figura arquetípica de Madame Bovary (1857), la célebre narración del francés Gustave Flaubert (1821-1880). Tiene por protagonista a Ema Cardeano, una hermosa mujer con el mismo nombre que el personaje de Flaubert y cuya belleza provoca que todo hombre voltee a verla, al punto que se le acusa de ser causante de que varios conductores se distraigan y acaben por estrellar sus autos frente al muro de su casa. La joven contrae matrimonio con el próspero doctor Carlo Paiva, amigo de su padre, pero quien le resulta indiferente a ella. La pareja se muda al Valle de Abraham, un campo de viñedos. Aunque Carlo la ama y procrean dos hijas, toma la decisión de que duerman separados para evitar que Ema despierte cuando él vuelve a altas horas de la noche. Inmersa en una relación carente de pasión y deseo, Ema entabla nuevas relaciones amorosas fuera de su matrimonio, sin que éstas tampoco acaben por resultarle satisfactorias. 
546 |a En portugués, con subtítulos opcionales: inglés 
586 |a Mejores Películas del Cine Portugués: Encuesta del portal filmSPOT (2020): 10ª 
586 |a Premio Camões 2004: Adaptaciones de sus obras 
586 |a Premio Vergílio Ferreira 2004: Adaptaciones de sus obras 
649 |a XX 
650 |a Mujeres en el Cine 
650 |a Melodramas 
650 |a Dramas Cinematográficos 
650 |a Cine Portugués -  |y 1990-1999 
650 |a Cine Portugués -  |y Siglo XX 
650 |a Novela Portuguesa -  |x Adaptaciones para Cine 
650 |a Literatura Portuguesa -  |y Siglo XX -  |x Adaptaciones para Cine 
650 |a Literatura y Cine 
650 |a Suicidio 
650 |a Frustración 
650 |a Aburrimiento 
650 |a Infidelidad -  |x Tema Principal 
650 |a Matrimonio 
650 |a Relaciones de Pareja 
650 |a Relaciones Intergénero 
650 |a Conflicto (Relaciones Personales) 
700 |a Oliveira, Manoel de  |e (guión) 
700 |a Barroso, Mário  |e (fotógrafo) 
700 |a Branco, Isabel  |e (vestuario) 
700 |a Oliveira, Manoel de  |e (montaje) 
700 |a Loiseleux, Valérie  |e (montaje) 
700 |a Silveira, Leonor  |e (actuación) 
700 |a Alba, Cecile Sanz de  |e (actuación) 
700 |a Cintra, Luís Miguel  |e (actuación) 
910 |a Fondo General 
920 |a Audiovisuales - DVDs 
940 |a Películas 
905 |a 302 
901 |a 0500049112  |b IT2  |c DVS  |u 20250521 
902 |a https://opac.biblio.iteso.mx/vufind/Record/000163061